Reputation: All Songs - Statistics

General Stats
  • This quiz has been taken 15 times
  • The average score is 13 of 15
Answer Stats
Track No. reputation % Correct
4 Don’t Blame Me
100%
9 Getaway Car
100%
8 Gorgeous
100%
15 New Year’s Day
100%
1 …Ready for It?
100%
12 Dress
93%
2 End Game
93%
6 Look What You Made Me Do
93%
13 This Is Why We Can’t Have Nice Things
93%
11 Dancing With Our Hands Tied
86%
14 Call It What You Want
79%
5 Delicate
79%
3 I Did Something Bad
79%
10 King Of My Heart
71%
7 So It Goes…
64%
No matching quizzes found
Score Distribution
Percent of People with Each Score
Percentile by Number Answered
Your Score History
You have not taken this quiz